Elementos de química: IV classe II parte

Gespeichert in:
Bibliographische Detailangaben
1. Verfasser: Machado, Achilles Autor, Coronel graduado de Engenharia, professor ordinário de Química na Faculdade de Sciências da Universidade de Lisboa, Sócio efectivo da Academia das Sciências de Lisboa, Membro efectivo do Conselho Médico-legal de Lisboa, etc
Format: keine Angabe
Erschienen: Lisboa Tipografia da Cooperativa Militar 1920
Katalog:MANES:  Suchergebnis im Bibliothekskatalog
Schulbuchspezifische Eigenschaften:
Schlagworte:
Tags: Tag hinzufügen
Keine Tags, Fügen Sie den ersten Tag hinzu!
Hinzugefügt zu:26.04.2016

MARC

LEADER 000000000a22000000004500
001 39662
008 160427s po ||||| |||| 00| 0 prt d
040 |a MANES  |c manes 
100 1 |a Machado, Achilles  |b Autor, Coronel graduado de Engenharia, professor ordinário de Química na Faculdade de Sciências da Universidade de Lisboa, Sócio efectivo da Academia das Sciências de Lisboa, Membro efectivo do Conselho Médico-legal de Lisboa, etc 
245 0 0 |a Elementos de química: IV classe II parte 
260 |a Lisboa  |b Tipografia da Cooperativa Militar  |c 1920 
300 |a 159 p.  |c 20x15 cm 
500 |a Ilustrações a preto e branco. Inclui problemas. Reencadernado. Paginação inicia na página 109 e termina na 267. 
546 |a Portugal 
652 7 |a Física y química 
655 7 |a Secundaria 
942 |2 ddc  |c BK 
999 |c 43979  |d 43979 
999 |c manes:43979  |d 43979